|
|
|
|
| LEADER |
00000naa2a2200000 4500 |
| 001 |
52861 |
| 005 |
20231031043231.0 |
| 035 |
|
|
|a (RuTPU)RU\TPU\book\55411
|
| 035 |
|
|
|a RU\TPU\book\55384
|
| 090 |
|
|
|a 52861
|
| 100 |
|
|
|a 20030606d1996 k y0rusy50 ca
|
| 101 |
0 |
|
|a rus
|
| 102 |
|
|
|a RU
|
| 200 |
1 |
|
|a Получение карбидов и нитридов в плазме высокочастотных разрядов
|f С. В. Сариков, Д. С. Ковшов
|
| 463 |
|
1 |
|0 (RuTPU)RU\TPU\book\1535
|t Современные техника и технологии
|o Тезисы докладов 2-й областной научно-практической конференции молодежи и студентов
|f ТПУ
|v С. 95-96.
|d 1996
|p 128с
|
| 610 |
1 |
|
|a труды учёных ТПУ
|
| 675 |
|
|
|a 62.002(063)
|v 3
|
| 700 |
|
1 |
|a Сариков
|b С. В.
|
| 701 |
|
1 |
|a Ковшов
|b Д. С.
|
| 801 |
|
1 |
|a RU
|b 63413507
|c 20030606
|g PSBO
|
| 801 |
|
2 |
|a RU
|b 63413507
|c 20030606
|g PSBO
|
| 942 |
|
|
|c BK
|